| 000 | 00820ntm a22002177a 4500 | ||
|---|---|---|---|
| 005 | 20170810134819.0 | ||
| 008 | 170802s2014 xx a frb 000 0 eng d | ||
| 040 |
_aEG-ScBUE _beng _cEG-ScBUE |
||
| 082 | 0 | 4 |
_222 _a624 _bBAD |
| 100 | 1 | _aBadra, Islam Ayman Mohamed. | |
| 245 | 1 | 2 |
_aA fuzzy controller for mdof system under earthquake excitation / _cIslam Ayman Mohamed Badra . |
| 260 | _c2014. | ||
| 300 |
_aviii, 161 p. : _bill. (col.) ; _c28 cm . |
||
| 500 | _aA dissertation submitted to the faculty of engineering the British University in Egypt, in partial fulfillment of the requirements for the bachelor degree in civil engineering. | ||
| 590 | _anaira | ||
| 650 | 7 |
_2BUEsh _aCivil engineering _vProjects |
|
| 653 |
_bENGCIV _cAugust2017 |
||
| 655 | _vSPRO | ||
| 700 | 1 |
_aHelmy, Amr Ibrahim. _eths |
|
| 942 | _2ddc | ||
| 999 |
_c25343 _d25315 |
||